| 000 | 01469nam a2200361Ia 4500 | ||
|---|---|---|---|
| 001 | ebr10687763 | ||
| 003 | CaPaEBR | ||
| 006 | m u | ||
| 007 | cr cn||||||||| | ||
| 008 | 111114s2012 enk sb 001 0deng d | ||
| 010 | _z 2011046002 | ||
| 020 | _z9781405159463 | ||
| 020 | _z9781118255452 | ||
| 040 |
_aCaPaEBR _cCaPaEBR |
||
| 035 | _a(OCoLC)798065691 | ||
| 050 | 1 | 4 |
_aBR65.A9 _bC59 2012eb |
| 082 | 0 | 4 |
_a270.2092 _223 |
| 245 | 0 | 2 |
_aA companion to Augustine _h[electronic resource] / _cedited by Mark Vessey ; with the assistance of Shelley Reid. |
| 260 |
_aChichester, West Sussex ; _aMalden, MA : _bWiley-Blackwell, _c2012. |
||
| 300 | _axlii, 595 p. | ||
| 490 | 1 | _aBlackwell companions to the ancient world | |
| 504 | _aIncludes bibliographical references (p. [517]-562) and index. | ||
| 533 |
_aElectronic reproduction. _bPalo Alto, Calif. : _cebrary, _d2013. _nAvailable via World Wide Web. _nAccess may be limited to ebrary affiliated libraries. |
||
| 600 | 0 | 0 |
_aAugustine, _cSaint, Bishop of Hippo. |
| 650 | 0 |
_aChurch history _yPrimitive and early church, ca. 30-600. |
|
| 651 | 0 |
_aRome _xHistory _yEmpire, 284-476. |
|
| 655 | 7 |
_aElectronic books. _2local |
|
| 700 | 1 | _aVessey, Mark. | |
| 700 | 1 | _aReid, Shelley. | |
| 710 | 2 | _aebrary, Inc. | |
| 830 | 0 | _aBlackwell companions to the ancient world. | |
| 856 | 4 | 0 |
_uhttp://site.ebrary.com/lib/rucke/Doc?id=10687763 _zAn electronic book accessible through the World Wide Web; click to view |
| 999 |
_c28517 _d28517 |
||